000 00559nas a2200193Ia 4500
001 238/R03
003 IT-RoPAU
008 151202c99999999xx |||||||||||| ||und||
040 _aIT-RoPAU
040 _cIT-RoPAU
100 _aAA.VV.
210 _aSUSSIDI PER LA CATECHESI
222 _aSUSSIDI PER LA CATECHESI
245 _aSUSSIDI PER LA CATECHESI
260 _c1952
501 _bPaulus - SPICS - Società San Paolo EM (non-commercial uses only)
_cCopyright 2015
650 _aCATECHESI - TEOLOGIA PASTORALE
_vPUBBLICAZIONE PERIODICA
942 _cCR
999 _c205531
_d205531